NHL Goalie All-Time Wins Leaders - Statistics

General Stats
  • This quiz has been taken 142 times
  • The average score is 29 of 50
Answer Stats
Wins NHL Team Goalie % Correct
691 New Jersey Devils Martin Brodeur
99%
551 Montreal Canadiens Patrick Roy
97%
439* Pittsburgh Penguins* Marc-André Fleury
95%
489 Vancouver Canucks Roberto Luongo
94%
449* New York Rangers* Henrik Lundqvist
92%
389 Buffalo Sabres Dominik Hašek
89%
309* Los Angeles Kings* Jonathan Quick
88%
341* Nashville Predators* Pekka Rinne
87%
321* Montreal Canadiens* Carey Price
83%
484 Chicago Blackhawks Ed Belfour
83%
403 Edmonton Oilers Grant Fuhr
83%
265* Boston Bruins* Tuukka Rask
83%
305 New York Islanders Billy Smith
80%
423 Chicago Black Hawks Tony Esposito
80%
437 Montreal Canadiens Jacques Plante
75%
401 Detroit Red Wings Chris Osgood
74%
378* Buffalo Sabres* Ryan Miller
74%
454 Toronto Maple Leafs Curtis Joseph
70%
296 Philadelphia Flyers Ron Hextall
69%
278* Ottawa Senators* Craig Anderson
66%
319 Calgary Flames Miikaka Kiprusoff
65%
445 Detroit Red Wings Terry Sawchuck
64%
301 New York Rangers Mike Richter
63%
369 Pittsburgh Penguins Tom Barrasso
63%
271 Philadelphia Flyers Bernie Parent
57%
385 Calgary Flames Mike Vernon
56%
334 Carolina Hurricanes Cam Ward
54%
407 Chicago Black Hawks Glenn Hall
53%
303 Washington Capitals Olaf Kölzig
52%
374 New York Rangers John Vanbiesbrouck
50%
372 Edmonton Oilers Andy Moog
49%
353 San Jose Sharks Evgeni Nabokov
49%
286 Montreal Canadiens José Théodore
44%
304 Toronto Maple Leafs Turk Broda
42%
266 Toronto Maple Leafs Félix Potvin
41%
275 Dallas Stars Marty Turco
40%
310 Dallas Stars Kari Lehtonen
37%
353 Los Angeles Kings Rogie Vachon
37%
300 Nashville Predators Tomáš Vokoun
34%
290 New York Rangers Eddie Giacomin
30%
333 New York Rangers Gump Worsley
29%
271 Los Angeles Kings Kelly Hrudey
29%
293 St. Louis Blues Mike Liut
29%
333 Chicago Blackhawks Nikolai Khabibulin
29%
324 Hartford Whalers Sean Burke
24%
284 Boston Bruins Tiny Thompson
19%
286 Atlanta Flames Dan Bouchard
17%
330 Detroit Red Wings Harry Lumley
17%
268 Washington Capitals Don Beaupre
14%
270 Minnesota North Stars Gilles Meloche
11%
No matching quizzes found
Score Distribution
Percent of People with Each Score
Percentile by Number Answered
Your Score History
You have not taken this quiz